• 首页
  • 本馆介绍
  • 公告通知
  • 最新文献
  • 馆藏检索
  • 电子资源
  • 读者导购
  • 参考咨询
  • 我的图书馆
  • 登录
  • 详细信息显示
  • 放入我的书架
  • 预约/预借图书
  • 作者相关作品
  • 分类相关作品
  • 丛书相关作品
  • 出版社相关作品

书目信息

  • 表格格式
  • 工作单格式
  • 卡片格式
题名:
外国哲学史研究集刊
    
 
作者: ;中国社会科学院哲学研究所西方哲学史研究室 编
分册: 5  
出版信息: 上海   上海人民出版社  1982
页数: 346页
开本: 19cm
丛书名:
单 册:
中图分类: B1
科图分类:
主题词: 哲学--世界
电子资源:
ISBN:
000 00785nam0 2200205 45
001 0303061052
005 20060728083645.03
010    @dCNY0.86
091    @a2074.392
100    @a20030306d1982 km y0chiy0120 ea
101 0  @achi
200 1  @a外国哲学史研究集刊@AWai Guo Zhe Xue Shi Yan Jiu Ji Kan@e经验论与唯理论研究@EJing Yan Lun Yu Wei LiLun Yan Jiu@h5@f中国社会科学院哲学研究所西方哲学史研究室编@FZhong Guo She Hui Ke Xue Yuan Zhe Xue Yan Jiu Suo Xi Fang Zhe Xue Shi Yan Jiu Shi Bian
210    @a上海@c上海人民出版社@d1982
215    @a346页@d19cm
517    @a经验论与唯理论研究@AJing Yan Lun Yu Wei Li Lun Yan Jiu
606 0  @a哲学@x世界
690    @aB1@v3
711 02 @a中国社会科学院哲学研究所西方哲学史研究室@4编
801    @aCN@bTSTC@c20060728
905    @dB1@e19:5@f1@b228285
    
    外国哲学史研究集刊:经验论与唯理论研究.5/中国社会科学院哲学研究所西方哲学史研究室编.-上海:上海人民出版社,1982
    346页;19cm
    
    
    ISBN :CNY0.86
    
●
相关链接 在E读中查询图书 在五车中查询图书 在当当中查询图书 在豆瓣中查询图书


正题名:外国哲学史研究集刊     索取号:B1/19:5         预约/预借

序号 登录号 条形码 馆藏地/架位号 状态 备注
1 0161535   001759644   第一样本阅览室/ [索取号:B1/19:5] 在馆    
2 0228285   001124009   密集书库/ [索取号:B1/19:5] 在馆    
3 0228286   001854862   密集书库/ [索取号:B1/19:5] 在馆    
4 0228287   001854906   密集书库/ [索取号:B1/19:5] 在馆    
5 0440228   204402280   密集书库/ [索取号:B1/19:5] 在馆    
唐山师范学院图书馆 欢迎您!
大连网信软件有限公司© 版权所有